Países de tamaños parecidos #9 - Bulgaria - Estadísticas

Estadísticas generales
  • Esta prueba ha sido intentada 56 veces
  • La puntuación promedio es 6 de 10
Respuestas en el mapa
Las respuestas están codificadas por una escala verde-roja en el mapa de la prueba según el % correcto abajo.
 
Estadísticas de respuestas
Área de superficie (km^2) País % Correcto
119,990 Nicaragua
77%
107,159 Guatemala
67%
120,538 Corea del Norte
65%
99,909 Corea del Sur
65%
109,884 Cuba
65%
111,890 Honduras
60%
100,250 Islandia
60%
114,305 Benín
42%
96,320 Liberia
42%
101,000 Eritrea
37%
No se encontraron pruebas coincidentes
Distribución de puntuación
Porcentaje de gente con cada puntuación
Porcentaje por número respondido
Historial de tus puntuaciones
No has intentado esta prueba.